| 000 | 01222nam a22003617a 4500 | ||
|---|---|---|---|
| 001 | 5615197 | ||
| 003 | DO-SdBNP | ||
| 005 | 20180201090725.0 | ||
| 007 | 5615197 | ||
| 008 | 150512s1993 sp | |||| 000 f spa | ||
| 020 | _a8481300012 | ||
| 040 |
_aBPMSU _bspa _cBPMSU |
||
| 041 | 1 | _aspa | |
| 092 |
_a823.912 _bG799t |
||
| 100 | 1 |
_aGreene, Graham, _d1904-1991 |
|
| 240 | 1 | 4 |
_aThe third man. _lEspañol |
| 245 | 1 | 3 |
_aEl tercer hombre / _cGraham Greene ; traducción de Barbara McShane y Javier Alfaya ; prólogo de Manuel Vázquez Montalbán |
| 260 |
_aMadrid : _bPrimera Plana, _c1993 |
||
| 300 |
_a94 p. : _c23 cm. |
||
| 336 |
_aTexto (visual) _2isbdcontent |
||
| 337 |
_asin mediación _2isbdmedia |
||
| 490 | 1 |
_aGrandes Autores. Biblioteca de Literatura Universal _v2 |
|
| 650 | _aNOVELA POLICÍACA INGLESA | ||
| 650 | _aNOVELA INGLESA | ||
| 700 | 1 | 2 |
_aMcShane, Barbara, _etr. |
| 700 | 1 | 2 |
_aAlfaya, Javier _d1939- _etr. |
| 700 | 1 |
_aVázquez Montalbán, Manuel _eprol. |
|
| 830 | 0 |
_aGrandes autores _pBiblioteca de literatura universal _v2 |
|
| 942 |
_2ddc _cBK |
||
| 945 | _aValidado. Control de calidad MFF | ||
| 956 |
_aVMATEO _210 _320151113 _6BPMSU _800151 |
||
| 956 | _aValidado. Control de calidad MFF | ||
| 999 |
_c9032 _d9032 |
||